00746nam a22001817a 450000500170000000800410001702000180005804000070007604100080008308200210009110000170011224500350012926000550016430000290021936500640024852001980031265000540051020220404153637.0220329b ||||| |||| 00| 0 eng d a9781071605509 cAL aeng 223a547.77bGUNF aGunstone F D aFatty Acid and Lipid Chemistry aNew YorkbChapman and Hall Food Science Bookc2020 axi,252p.bHBc23.5x16cm. 2Generala6469b₹1996.00c₹d₹2495.00e20%f12/03/2022 aThis book has a pedigree. It has developed from earlier publications by the author and from his experience over 50 years in reading, writing, thinking, and working with lipids and fatty acids.  2 Macromolecular and related compounds aChemistry